Nieznani Władcy Polski - Statystyki

Ogólne statystyki
  • Ten quiz został rozwiązany 60 razy
  • Średni wynik to 3 z 12
Statystyki odpowiedzi
Lata Osoba % Poprawnych
1031 - 1032 Bezprym
91%
1034 - 1038 Bolesław Zapomniany
48%
1939 - 1947 Władysław Raczkiewicz
20%
1918 Rada Regencyjna
18%
1986 - 1989 Kazimierz Sabbat
16%
1989 - 1990 Ryszard Kaczorowski
16%
1947 - 1972 August Zaleski
14%
1926 Maciej Rataj
14%
1939 Edward Śmigły-Rydz
13%
1939 Bolesław Wieniawa-Długoszowski
7%
1972 - 1979 Stanisław Ostrowski
5%
1979 - 1986 Edward Bernard Raczyński
4%
Nie znaleziono quizów pasujących do podanych kryteriów
Rozkład punktacji
Procent ludzi z każdym wynikiem
Percentyl według liczby udzielonych odpowiedzi
Twoja historia wyników
Nie rozwiązałeś tego quizu